000 00444nam a22001577a 4500
005 20251108165300.0
008 250721s1978 xx 000 0 ara d
082 1 4 _a956.5/تل
100 1 _aالتل، بلال حسن
245 1 0 _aالأردن محاولة للفهم /
264 1 _aعمان :
_bدار اللواء للصحافه،
_c1978.
300 _a261ص.
650 1 7 _aتاريخ الأردن
942 _2ddc
_cBK
999 _c24031
_d24031